Les plus beaux poemes d'amour : (رقم التسجيلة. 106091)

تفاصيل مارك
000 -LEADER
fixed length control field 00798cam a2200253 a 4500
003 - CONTROL NUMBER IDENTIFIER
control field EG-GiCUC
008 - FIXED-LENGTH DATA ELEMENTS--GENERAL INFORMATION
fixed length control field 080524s19xx fr a 001 0 fre d
040 ## - CATALOGING SOURCE
Original cataloging agency EG-GiCUC
Language of cataloging fre
Transcribing agency EG-GiCUC
050 00 - LIBRARY OF CONGRESS CALL NUMBER
Classification number PQ1193
Item number B6
092 04 - LOCALLY ASSIGNED DEWEY CALL NUMBER (OCLC)
Classification number 841.0080354
Item number B6846
Edition number 21
099 ## - LOCAL FREE-TEXT CALL NUMBER (OCLC)
Classification number 04
-- 841.0080354 B6846
100 1# - MAIN ENTRY--PERSONAL NAME
Personal name Boissy, Gabriel,
Dates associated with a name 1879-1949
245 04 - TITLE STATEMENT
Title Les plus beaux poemes d'amour :
Remainder of title accompagnes d un commentaire anecdotique et critique /
Statement of responsibility, etc. Gabriel Boissy, Dominique Folacci.
246 30 - VARYING FORM OF TITLE
Title proper/short title L'amour dans la poesie Francaise.
260 ## - PUBLICATION, DISTRIBUTION, ETC.
Place of publication, distribution, etc. Paris :
Name of publisher, distributor, etc. Americ=Edit,
Date of publication, distribution, etc. c[19xx].
300 ## - PHYSICAL DESCRIPTION
Extent 266 p. :
Other physical details ill. ;
Dimensions 27 cm.
650 #0 - SUBJECT ADDED ENTRY--TOPICAL TERM
Topical term or geographic name entry element French poetry.
650 #0 - SUBJECT ADDED ENTRY--TOPICAL TERM
Topical term or geographic name entry element Love poetry, French.
700 1# - ADDED ENTRY--PERSONAL NAME
Personal name Folacci, Dominique.
902 ## - LOCAL DATA ELEMENT B, LDB (RLIN)
No. of Items 1
905 ## - LOCAL DATA ELEMENT E, LDE (RLIN)
Cataloger Jamal
Reviser Cat.
905 ## - LOCAL DATA ELEMENT E, LDE (RLIN)
Cataloger Mona
Reviser Rev
942 ## - ADDED ENTRY ELEMENTS (KOHA)
Source of classification or shelving scheme Dewey Decimal Classification
Koha item type Books
المقتنيات
Source of classification or shelving scheme Not for loan Home library Current library Date acquired Full call number Barcode Date last seen Copy number Koha item type
Dewey Decimal Classification   المكتبة المركزبة الجديدة - جامعة القاهرة قاعة الانسانيات - الدور الثاني 11.02.2024 841.0080354 B6846 01000110185690000 23.09.2023 C.1 Books
Cairo University Libraries Portal Implemented & Customized by: Eng. M. Mohamady Contacts: new-lib@cl.cu.edu.eg | cnul@cl.cu.edu.eg
CUCL logo CNUL logo
© All rights reserved — Cairo University Libraries
CUCL logo
Implemented & Customized by: Eng. M. Mohamady Contact: new-lib@cl.cu.edu.eg © All rights reserved — New Central Library
CNUL logo
Implemented & Customized by: Eng. M. Mohamady Contact: cnul@cl.cu.edu.eg © All rights reserved — Cairo National University Library